| 000 | 00641nam a2200205Ia 4500 | ||
|---|---|---|---|
| 001 | b2990-25256 [4262] | ||
| 003 | IT-MiCISF | ||
| 008 | 161014s9999||||xx |||||||||||||| ||und|| | ||
| 040 |
_aIT-MiCISF _cIT-MiCISF |
||
| 041 | _ait | ||
| 100 | _aLasconi Tonino | ||
| 245 | 0 |
_aUffa, che bello! Quasi 2 _bStimoli, spunti e fantasie per la pastorale dei ragazzi |
|
| 250 | _a1a ed. | ||
| 260 |
_a Roma _bAVE _c1993 |
||
| 300 | _app. 145 | ||
| 500 | _a / pastorale-giovanile, preadolescenza, gruppo-di-pari, chiesa-locale, operatori-pastorali, comunicazione, progetto / | ||
| 650 | _apastorale | ||
| 942 | _cBK | ||
| 957 | _71 | ||
| 999 |
_a25256 _bsi _g1 _c214426 _d214426 |
||